Дело о выкупе у ректора Академии И. П. Мартоса модели памятника Минину и князю Пожарскому, отлитой из алебастра

RUSMARC
00005779cbc2a2200000#x 450
001d2fe7b7c-2242-4924-b1fb-b910a1bd5627
00520251023162500.0
1010#$arus
102##$aRU
2001#$aДело о выкупе у ректора Академии И. П. Мартоса модели памятника Минину и князю Пожарскому, отлитой из алебастра
$j24 апреля - 30 июля 1820 года
251##$cДело
215##$a12 листов
$d36,5x26 см
2250#$aФонд Департамент народного просвещения Министерства народного просвещения
$hОпись № 16
801#0$aRU
$bРГИА
801#1$aRU
$bПБ им. Б.Н. Ельцина
$2rusmarc
$c20160401
801#2$aRU
$bПБ им. Б.Н. Ельцина
$gRCR
$2rusmarc
850##$aФедеральное казенное учреждение "Российский государственный исторический архив"
852##$aРГИА
$j137
937##$d10905198
$hПБ
100##$a20131003l18201820k##a0rusy0102####ca
105##$aу###
1222#$ad18200424##
$ad18200730##
461#0$1001a74412a3-3cc5-4d21-8f0a-dfe2fbd9e72d
$12001
$aДепартамент народного просвещения Министерства народного просвещения
$1251
$cФонд
$1852
$j733
462#0$100145bd192c-70a6-4b25-b2eb-8d8fa48ca5d4
$12001
$a1811-1828 гг.
$vД. 137
$1251
$cОпись
$1852
$j16
035##$ad2fe7b7c-2242-4924-b1fb-b910a1bd5627
300##$aРукописный текст. Чернила
300##$aОригинальный заголовок дела: По представлению Президента Академии художеств о приобретении у ректора Академии Мартоса модели монумента граданину Мининну и князю Пожарскому : начато 24 апреля - кончено 30 июля 1820 года
5171#$aПо представлению Президента Академии художеств о приобретении у ректора Академии Мартоса модели монумента граданину Мининну и князю Пожарскому
$eначато 24 апреля - кончено 30 июля 1820 года
607##$2prlib_sh
$3LIBNET\UAF\0000118559
$aМинину и Пожарскому, памятник (Москва, город)
$jДокументы и материалы
600#1$2nlr_sh
$3RU\NLR\AUTH\66689901
$aМартос
$gИван Петрович
$bИ.П.
$f1752 - 1835
$jДокументы и материалы
6061#$2nlr_sh
$3RU\NLR\AUTH\66689902
$aСкульптура русская
$z18 - 19 вв.
$jДокументы и материалы
605##$2acquisition_Prlib
$3LIBNET\UAF\0000118504
$aГосударственные праздники России: история и современность
$lколлекция
605##$2acquisition_Prlib
$3LIBNET\UAF\0000078316
$aК. Минин и Д. Пожарский
$lколлекция
686##$2rubbk
$a63.3(2)521-7ю11
$vLBC/M
686##$a85.13ю11
$vLBC/M
$2rubbk
Формат отображения